Tendencias en la investigación y en la aplicación de la ciencia y la tecnología para el desarrollo de las zonas áridas (Registro nro. 12041)

Detalles MARC
000 -LEADER
longitud fija campo de control 02267nam a2200373 4500
003 - IDENTIFICADOR DE NUMERO DE CONTROL
control del campo AR-RoUNA
005 - FECHA DE LA ULTIMA MODIFICACION
control del campo 20250722112101.0
008 - CAMPO DE CONTROL - LIBROS
longitud fija campo de control 250703b1979 |||||||| |||| 00| 0 spa d
020 ## - INTERNATIONAL STANDARD BOOK NUMBER
ISBN 92-3-301597-1
020 ## - INTERNATIONAL STANDARD BOOK NUMBER
ISBN 92-3-101597-4
020 ## - INTERNATIONAL STANDARD BOOK NUMBER
ISBN 92-3-201597-8
040 ## - ORIGEN DE LA CATALOGACION
Agencia que cataloga la obra original AR-RoUNA
Entidad que modifico el registro AR-RoUNA
Idioma en que se cataloga spa
041 ## - CODIGO DE IDIOMA
Codigo de idioma del texto / sonido o titulo separado spa
044 ## - CODIGO DE PAIS / ENTIDAD PRODUCTORA
Codigo MARC del pais ag
110 2# - ASIENTO PRINCIPAL - AUTOR INSTITUCIONAL
Nombre corporativo o de jurisdiccion como elemento de entrada UNESCO (Organización de las Naciones Unidas para la Educación, la Ciencia y la Cultura)
9 (RLIN) 27014
245 1# - TITULO PROPIAMENTE DICHO
Titulo Tendencias en la investigación y en la aplicación de la ciencia y la tecnología para el desarrollo de las zonas áridas
260 ## - EDITORIAL - PUBLICACION, DISTRIBUCION, ETC. (Pie de imprenta)
Lugar de publicacion, distribucion, etc París (Francia) :
Nombre del editor, distribuidor, etc Oficina Regional de ciencia y Tecnologia de la UNESCO para América Latina y el Caribe (ROSTLAC),
Fecha de publicacion 1979.
300 ## - DESCRIPCION FISICA
Extension 74 p.:
Dimensiones 27x21 cm.
490 ## - MENCION DE SERIE
Titulo de la serie Notas técnicas del MAB
Numero del volumen / designacion secuencial v. 10
504 ## - NOTA DE BIBLIOGRAFIA
Nota de bibliografia, etc. p.69 a 74
505 0# - NOTA DE CONTENIDO CON FORMATO
Título CONTENIDO
505 0# - NOTA DE CONTENIDO CON FORMATO
Título I. Introducción. p. 9
505 0# - NOTA DE CONTENIDO CON FORMATO
Título II. Características y potencial de recursos de las zonas áridas. p. 13
505 0# - NOTA DE CONTENIDO CON FORMATO
Título III. Tendencias de las investigaciones de 1950 a 1975 y sus consecuencias para las zonas áridas.p. 25
505 0# - NOTA DE CONTENIDO CON FORMATO
Título IV. Tendencias actuales de las investigaciones y la aplicación de la ciencia y la tecnología en las zonas áridas en los distintos sectores económicos p. 37.
505 0# - NOTA DE CONTENIDO CON FORMATO
Título V. Lagunas de las investigaciones y perspectivas de aplicaciones de la futura labor de investigaciones y formación. p. 53
520 3# - NOTA DE RESUMEN
Nota de resumen, etc. El Programa Intergubernamental sobre el Hombre y la Biosfera (MAB), lanzado por Unesco en 1970, tiene por objeto desarrollar, en el marco de las ciencias naturales y sociales, una base racional para la utilización y conservación de los recursos e la biosfera y para el mejoramiento de las relaciones entre el hombre y el medio ambiente. Para lograr este objetivo, el MAB ha adoptado un enfoque ecológico integral para sus actividades de investigación y formación, centrado en catorce temas internacionales y orientado a la solución de problemas concretos de gestión en los diversos tipos de ecosistemas.
650 #4 - MATERIA - TERMINO TEMATICO
Término temático general Medio ambiente
650 #4 - MATERIA - TERMINO TEMATICO
Término temático general Investigaciones
651 #4 - MATERIA - NOMBRE GEOGRAFICO
Termino geografico Regiones áridas
9 (RLIN) 27282
942 ## - FUENTE DE CLASIFICACION
Clasificacion Universal Decimal Classification
945 ## - INFORMACION DE PROCESAMIENTO
Fecha de ingreso o modificacion 2025-07-03
980 ## - DECLARACIÓN DE EQUIVALENCIA O SERIE DE REFERENCIA CRUZADA - NOMBRE / TÍTULO PERSONAL [LOCAL, CANADÁ]
Código del operador 5
Nombre del operador María Machado
Código del operador que modifico el registro 5
Nombre del operador que modifico el registro María Machado
Existencias
Estado retiro Estado perdido Sistema de clasificacion Estado general Biblioteca de origen Ubicacion actual Fecha de adquisicion Prestamos totales Proveedor Numero de ejemplar Tipo de elemento KOHA Nota no publica
Disponible Disponible udc No dañado Biblioteca CEAH Biblioteca CEAH 03/07/2025   CEAH-00171 ej. 1 Libro